000 00231nam a2200085Ia 4500
008 220204s9999 xx 000 0 und d
082 _a35:312
_bCEN
245 0 _aCensus of Central government employees as on 30th June 1959
942 _cBK
999 _c20147
_d20147